000 00683cab a2200229 4500
001 ABS56342
008 090401t1997 xxu||||| |||| 00| 0 eng d
035 _a(Sirsi) u22999
041 _aeng
100 _aSavory, D.
245 _aFixing the Agency`s broken promises
260 _c1997
350 _a0
490 _aThe Waste Manager
_v26(1) December/January 1997, 10-11(2)
520 _aDiscusses the effect that the Environment Agency is having on waste management.
650 _aENVIRONMENT AGENCY
650 _aLOCAL WASTE REGULATIONS AUTHORITIES
650 _aWASTE MANAGEMENT
690 _aENVIRONMENTAL AND LAND CONSULTANCY
942 _n0
948 _c04/03/1997
999 _c15417
_d15417